Urdu per tamil kay asraat(اردو پر تمل کے اثرات)/ (Record no. 109548)
[ view plain ]
| 000 -LEADER | |
|---|---|
| fixed length control field | 00422nam a22001457a 4500 |
| 005 - DATE AND TIME OF LATEST TRANSACTION | |
| control field | 20181213103737.0 |
| 008 - FIXED-LENGTH DATA ELEMENTS--GENERAL INFORMATION | |
| fixed length control field | 181213b ||||| |||| 00| 0 eng d |
| 040 ## - CATALOGING SOURCE | |
| Transcribing agency | PK-LaUMT |
| 082 ## - DEWEY DECIMAL CLASSIFICATION NUMBER | |
| Classification number | RHC 891.43994811 |
| Item number | ANS-U |
| 100 ## - MAIN ENTRY--PERSONAL NAME | |
| Personal name | Ansar Ullah , Muhammad |
| 245 ## - TITLE STATEMENT | |
| Title | Urdu per tamil kay asraat(اردو پر تمل کے اثرات)/ |
| Statement of responsibility, etc | Muhammad Ansar Ullah |
| 260 ## - PUBLICATION, DISTRIBUTION, ETC. (IMPRINT) | |
| Place of publication, distribution, etc | علی گڑھ: |
| Date of publication, distribution, etc | 1989 |
| 300 ## - PHYSICAL DESCRIPTION | |
| Extent | 115 |
| 942 ## - ADDED ENTRY ELEMENTS (KOHA) | |
| Koha item type | Books |
| Withdrawn status | Lost status | Damaged status | Home library | Current library | Date acquired | Full call number | Barcode | Date last seen | Price effective from | Koha item type |
|---|---|---|---|---|---|---|---|---|---|---|
| UMT Main Campus | UMT Main Campus | 2018-12-13 | RHC 891.43994811 ANS-U | 127074 | 2018-12-13 | 2018-12-13 | Books |
